000 00565cam a22001697a 4500
008 180718b2002 xxu||||| |||| 00| 0 eng d
020 _a0821352121
082 _aO62x54 G747
100 _aGovindaraj, Ramesh
245 _aThe Indian pharmaceutical sector: issues and options for health sector reform
_cby Ramesh Govindraj and Gnanaraj Chellaraj
260 _aWashington, D.C.
_bWorld Bank
_c2002
300 _a59p.
440 _aWorld Bank Discussion Paper No. 437
650 _aPharmaceutical industry-India
650 _aDrugs
700 _aChellaraj, Gnanaraj
999 _c288335
_d288335